Kĩ thuật số: T2: Vi xử lí và vi tính

Gespeichert in:
Bibliographische Detailangaben
1. Verfasser: Bùi Minh Tiêu
Format: Buch
Sprache:Undetermined
Veröffentlicht: Hà Nội ĐH và THCN 1983
Schlagworte:
Tags: Tag hinzufügen
Keine Tags, Fügen Sie den ersten Tag hinzu!
Thư viện lưu trữ: Trung tâm Học liệu Trường Đại học Cần Thơ
LEADER 00484nam a2200169Ia 4500
001 CTU_14192
008 210402s9999 xx 000 0 und d
082 |a 621.3819 
082 |b T305/T2 
100 |a Bùi Minh Tiêu 
245 0 |a Kĩ thuật số: T2: Vi xử lí và vi tính 
245 0 |c Bùi Minh Tiêu 
260 |a Hà Nội 
260 |b ĐH và THCN 
260 |c 1983 
650 |a electronics 
980 |a Trung tâm Học liệu Trường Đại học Cần Thơ